00642nam a2200205Ia 450000500170000000800410001702000180005804000180007604100080009408200220010210000210012424501060014525000120025126000440026330000290030765000360033665000240037265000190039670000210041520220720105327.0210716s2009 xx 000 0 und d a9788131726891 cAIMIT LIBRARY aeng a005.136 21bQUAT aQuatrani, Terry. aVisual modeling with IBM retional software architect and UML /cBy Terry Quatrani and Jim Palistrant. a1st ed. aNew Delhi :bPearson Education ,c2009. axxiii, 193p. ;c23.5 cm. aIntroduction to visual modeling aBeginning a project aUse case model aPalistrant, Jim.